| 000 | 02435nam0a2200409 4500 | ||
|---|---|---|---|
| 001 | RU\NLR\BIBL_A\016332373 | ||
| 005 | 20230522113435.0 | ||
| 010 |
_a978-5-907650-15-2 _9300 |
||
| 021 |
_aRU _bКН-П-23-012085 _9КН-П-23-1187 |
||
| 035 | _a(NLR Aleph) 016332373 | ||
| 035 | _a(RuMoRGB)011611917 | ||
| 090 |
_a13064618 _c13064618 |
||
| 100 | _a20230403d2022 k y0rusy50 ca | ||
| 101 | 0 |
_arus _deng |
|
| 102 | _aRU | ||
| 105 | _ay|||z|||100zy | ||
| 181 | 0 |
_ai4 _baxxe |
|
| 182 | 0 | _an | |
| 200 | 1 |
_aСетевая студенческая научная школа по истории государства и права и сравнительному правоведению _eсборник научных статей _eпо материалам Сетевой студенческой научной школы по истории государства и права и сравнительному правоведению _fМосковский гуманитарный университет _gпод редакцией О. М. Максимовой [и др.] |
|
| 203 |
_aТекст _bвизуальный _cнепосредственный |
||
| 210 |
_aМосква _cИзд-во Московского гуманитарного университета _d2022 |
||
| 215 |
_a76 с. _d21 |
||
| 300 | _aРез. англ. | ||
| 320 | _aБиблиогр. в конце ст. | ||
| 606 | 1 |
_aГосударство _jСъезды, совещания и т.п _xИстория _92086890 _3RU\NLR\AUTH\661263036 |
|
| 606 | 1 |
_aПраво _jСъезды, совещания и т.п _xИстория _91234124 _3RU\NLR\AUTH\66185804 |
|
| 686 | 1 | _aХ0я431 | |
| 686 | 1 | _aХ2(0)я431 | |
| 702 | 1 |
_4340 _7ca _8rus _aМаксимова _bО. Д. _cд-р юрид. наук _gОльга Дмитриевна _9133926 _3RU\NLR\AUTH\770133960 |
|
| 711 | 0 | 2 |
_aСетевая студенческая научная школа по истории государства и права и сравнительному правоведению _cМосква _9843929 _3RU\NLR\AUTH\880589137 |
| 712 | 0 | 2 |
_4475 _aМосковский гуманитарный университет _9602435 _3RU\NLR\AUTH\8810051076 |
| 942 | _cBOOK | ||
| 980 | _aNB | ||